00580 2200217 4500001002100000005001700021008004100038035002400079090001800103100002500121245005500146250001100201260003700212300001800249500002600267650001800293850001500311980001500326985000600341999001500347YOGYA-0209000001836220090227022847.0 ind  0010-020900000018362 a349.92bPro A aProjodikoro, Wiryono aAzas-azas hukum perdatacoleh Wirjono Prodjodikoro aCet. 2 aBandungbVorkink-van Hoevec1959 a82 hlmc24 cm aBibliografi : hlm. 82 aHukum perdata aYOPDYOG(B) a07-10-2006 a1 aa000001601